[Event "SVK-chT2D 2122"]
[Site "Slovakia"]
[Date "2022.03.27"]
[Round "9.4"]
[White "Kopcak, Stanislav"]
[Black "Lison, Juraj"]
[Result "1-0"]
[WhiteElo "1915"]
[BlackElo "1425"]
[PlyCount "47"]
[EventDate "2021.10.16"]
[EventType "team-tourn"]
[EventRounds "11"]
[EventCountry "SVK"]
[SourceTitle "EXT 2023"]
[Source "ChessBase"]
[SourceDate "2022.10.05"]
[SourceVersion "1"]
[SourceVersionDate "2022.10.05"]
[SourceQuality "1"]
[WhiteTeam "Poprad LS VD"]
[BlackTeam "Kosice Slavia UPJS III"]
[WhiteTeamCountry "SVK"]
[BlackTeamCountry "SVK"]

1. e4 c5 2. b4 e5 3. f4 cxb4 4. Nf3 Nc6 5. Bc4 Qc7 6. 0-0 Nf6 7. fxe5 Nxe5 8. Nxe5 Qxe5 9. d4 Qc7 10. Qe2 d6 11. h3 Be6 12. d5 Bd7 13. a3 Be7 14. axb4 Qb6+ 15. Kh1 Qxb4 16. Ba3 Qb6 17. e5 dxe5 18. Qxe5 0-0 19. Bxe7 Rfe8 20. d6 Qc6 21. Bd3 Bxh3 22. Qg3 Bg4 23. Bxf6 h5 24. Be7 1-0